Hermeticity testing of mems and Microelectronic Packages (Record no. 355878)

MARC details
000 -LEADER
fixed length control field 00459 a2200181 4500
003 - CONTROL NUMBER IDENTIFIER
control field OSt
005 - DATE AND TIME OF LATEST TRANSACTION
control field 20240807144345.0
008 - FIXED-LENGTH DATA ELEMENTS--GENERAL INFORMATION
fixed length control field 230908b |||||||| |||| 00| 0 eng d
020 ## - INTERNATIONAL STANDARD BOOK NUMBER
International Standard Book Number 9781608075270
041 ## - LANGUAGE CODE
Language code of text/sound track or separate title English
100 ## - MAIN ENTRY--PERSONAL NAME
Author Costello Suzanne
245 ## - TITLE STATEMENT
Title Hermeticity testing of mems and Microelectronic Packages
260 ## - PUBLICATION, DISTRIBUTION, ETC.
Name of publisher, distributor, etc. Artech House
Date of publication, distribution, etc. 2013
300 ## - PHYSICAL DESCRIPTION
Extent 195
500 ## - GENERAL NOTE
Keywords 932 I
700 ## - ADDED ENTRY--PERSONAL NAME
Personal name Desmulliez Marc
942 ## - ADDED ENTRY ELEMENTS (KOHA)
Koha item type Books
Holdings
Withdrawn status Lost status Source of classification or shelving scheme Reference No Damaged status Not for loan Home library Current library Date acquired Vendor Net Price Full call number Barcode Date last seen Actual Price Bill Date Koha item type
    Dewey Decimal Classification Ref 932 I ( 65162 )     Cummins College of Engineering for Women Pune Cummins College of Engineering for Women Pune 25/08/2023 115 7866.00 621.381 COS CCEP-BK-65162 26/08/2023 10488.00 26/08/2023 Books